• 首页
  • 本馆介绍
  • 公告通知
  • 最新文献
  • 馆藏检索
  • 电子资源
  • 读者导购
  • 参考咨询
  • 我的图书馆
  • 登录
  • 详细信息显示
  • 放入我的书架
  • 预约/预借图书
  • 作者相关作品
  • 分类相关作品
  • 丛书相关作品
  • 出版社相关作品

书目信息

  • 表格格式
  • 工作单格式
  • 卡片格式
题名:
短跑运动
    
 
作者: 邹继豪 , 刘长春 编著
分册:  
出版信息: 北京   人民体育出版社  1987
页数: 325页
开本: 19cm
丛书名:
单 册:
中图分类: G822.1
科图分类:
主题词: 短跑
电子资源:
ISBN:
000 00650nam0 2200241 45
001 0187003258
005 20070720105650.51
010    @dCNY1.85
091    @a7015.2291
100    @a19900808d1987 em y0chiy0121 ea
101 0  @achi
102    @aCN@b110000
105    @af z 000yy
200 10 @a短跑运动@Aduan pao yun dong@f刘长春, 邹继豪编著
210    @a北京@c人民体育出版社@d1987
215    @a325页@c照片@d19cm
606    @a短跑
690    @aG822.1@v3
701  0 @a邹继豪@Azou ji hao@4编著
701  0 @a刘长春@Aliu chang chun@4编著
801  2 @aCN@bNLC@c20070720
801  0 @aCN@b深圳图书馆@c20040505
905    @f4@b170879-882@dG822.1@e16
    
    短跑运动/刘长春, 邹继豪编著.-北京:人民体育出版社,1987
    325页:照片;19cm
    
    
    ISBN :CNY1.85
    
●
相关链接 在E读中查询图书 在五车中查询图书 在当当中查询图书 在豆瓣中查询图书


正题名:短跑运动     索取号:G822.1/16         预约/预借

序号 登录号 条形码 馆藏地/架位号 状态 备注
1 0170879   000996300   密集书库/ [索取号:G822.1/16] 在馆    
2 0170880   000996364   密集书库/ [索取号:G822.1/16] 在馆    
3 0170881   001654917   密集书库/ [索取号:G822.1/16] 在馆    
4 0170882   000996293   密集书库/ [索取号:G822.1/16] 在馆    
5 0170883   000996355   第一样本阅览室/ [索取号:G822.1/16] 在馆    
6 0766535   207665356   密集书库/ [索取号:G822.1/16] 在馆    
唐山师范学院图书馆 欢迎您!
大连网信软件有限公司© 版权所有